[Event "Oberliga Ost-B 0708"]
[Site "Germany"]
[Date "2008.04.20"]
[Round "11.3"]
[White "Wahedi, Ahmad Siar"]
[Black "Domanski, Markus"]
[Result "1-0"]
[WhiteElo "2272"]
[BlackElo "2097"]
[PlyCount "83"]
[EventDate "2007.10.07"]
[EventType "team-tourn"]
[EventRounds "11"]
[EventCountry "GER"]
[SourceTitle "EXT 2009"]
[Source "ChessBase"]
[SourceDate "2008.11.26"]
[SourceVersion "1"]
[SourceVersionDate "2008.11.26"]
[SourceQuality "1"]
[WhiteTeam "Steinbach"]
[BlackTeam "Schoeneck II"]
[WhiteTeamCountry "GER"]
[BlackTeamCountry "GER"]

1. Nf3 c5 2. d3 Nc6 3. Nbd2 g6 4. g3 Bg7 5. Bg2 d6 6. 0-0 e5 7. e4 Nge7 8. a4 0-0 9. Nc4 h6 10. Be3 Be6 11. Qd2 Kh7 12. Nh4 Qd7 13. c3 f5 14. exf5 Nxf5 15. Nxf5 Bxf5 16. f4 exf4 17. Bxf4 d5 18. Nd6 Be6 19. Rae1 Bg8 20. Nb5 a6 21. Na3 Rae8 22. h4 Be6 23. Kh2 Bf5 24. Nc2 d4 25. cxd4 cxd4 26. Na3 Ne5 27. Rxe5 Bxe5 28. Bxh6 Bg7 29. Bf4 Re7 30. Nc4 Rfe8 31. Rf2 Re6 32. a5 Bg4 33. Be4 Rxe4 34. dxe4 Rxe4 35. Nd6 Re6 36. Qb4 Re2 37. Rxe2 Bxe2 38. Ne4 d3 39. Ng5+ Kh8 40. Qe4 Bg4 41. Qxg6 Bf5 42. Nf7+ 1-0

[Event "Oberliga Ost-B 0708"]
[Site "Germany"]
[Date "2007.12.09"]
[Round "5.4"]
[White "Domanski, Markus"]
[Black "Schlamp, Robert"]
[Result "1/2-1/2"]
[WhiteElo "2097"]
[BlackElo "2334"]
[PlyCount "35"]
[EventDate "2007.10.07"]
[EventType "team-tourn"]
[EventRounds "11"]
[EventCountry "GER"]
[SourceTitle "EXT 2009"]
[Source "ChessBase"]
[SourceDate "2008.11.26"]
[SourceVersion "1"]
[SourceVersionDate "2008.11.26"]
[SourceQuality "1"]
[WhiteTeam "Schoeneck II"]
[BlackTeam "Oberursel"]
[WhiteTeamCountry "GER"]
[BlackTeamCountry "GER"]

1. d4 Nf6 2. c4 g6 3. Nc3 d5 4. cxd5 Nxd5 5. e4 Nb6 6. h3 Bg7 7. Nf3 0-0 8. Be2 Nc6 9. Be3 Na5 10. b3 c5 11. Rc1 cxd4 12. Nxd4 f5 13. exf5 gxf5 14. Ndb5 Bd7 15. 0-0 Bxb5 16. Nxb5 Nc6 17. Qxd8 Rfxd8 18. Nc7 1/2-1/2

[Event "Hessenliga 0607"]
[Site "Germany"]
[Date "2006.11.12"]
[Round "4.7"]
[White "Domanski, Markus"]
[Black "Goebel, Andreas"]
[Result "1/2-1/2"]
[WhiteElo "2067"]
[BlackElo "2073"]
[PlyCount "92"]
[EventDate "2006.09.17"]
[EventType "team"]
[EventRounds "9"]
[EventCountry "GER"]
[SourceTitle "EXT 2008"]
[Source "ChessBase"]
[SourceDate "2007.11.25"]
[SourceVersion "1"]
[SourceVersionDate "2007.11.25"]
[SourceQuality "1"]
[WhiteTeam "Schoeneck II"]
[BlackTeam "Frankfurt BvK II"]
[WhiteTeamCountry "GER"]
[BlackTeamCountry "GER"]

1. d4 Nf6 2. c4 e6 3. g3 d5 4. Nf3 Nbd7 5. Bg2 Be7 6. 0-0 0-0 7. Qc2 c6 8. b3 Ne4 9. Ba3 Bxa3 10. Nxa3 Qe7 11. Qb2 f5 12. Nc2 b6 13. Nce1 Ba6 14. cxd5 cxd5 15. Nd3 Rac8 16. Rac1 Nef6 17. Nde5 Nxe5 18. Nxe5 Qd6 19. b4 Rxc1 20. Rxc1 Rc8 21. Rxc8+ Bxc8 22. Qc3 Bd7 23. e3 Ng4 24. Nxg4 fxg4 25. Bf1 h5 26. Be2 g6 27. Kg2 Qc6 28. Qxc6 Bxc6 29. f3 gxf3+ 30. Kxf3 Kg7 31. Kf4 Kf6 32. h4 Ba4 33. Bd3 Bd1 34. e4 dxe4 35. Bxe4 Be2 36. Bc6 Bc4 37. Ke4 Bxa2 38. Kf4 a5 39. bxa5 bxa5 40. Ba4 Bd5 41. g4 hxg4 42. Kxg4 Bc4 43. Kf4 Bd3 44. Ke3 Bc4 45. Kf4 Bd5 46. Kg4 Bc4 1/2-1/2

[Event "Hessenliga 0506"]
[Site "Germany"]
[Date "2006.03.05"]
[Round "9.7"]
[White "Schoene, Matthias"]
[Black "Domanski, Markus"]
[Result "1/2-1/2"]
[WhiteElo "2033"]
[BlackElo "2065"]
[PlyCount "67"]
[EventDate "2005.09.11"]
[EventType "team"]
[EventRounds "11"]
[EventCountry "GER"]
[SourceTitle "EXT 2007"]
[Source "ChessBase"]
[SourceDate "2006.11.23"]
[SourceVersion "1"]
[SourceVersionDate "2006.11.23"]
[SourceQuality "1"]
[WhiteTeam "Bensheim"]
[BlackTeam "Schoeneck II"]
[WhiteTeamCountry "GER"]
[BlackTeamCountry "GER"]

1. e4 e6 2. d4 d5 3. Nc3 Bb4 4. e5 c5 5. a3 Bxc3+ 6. bxc3 Qc7 7. Qg4 f5 8. Qh5+ g6 9. Qd1 Bd7 10. Nf3 Ba4 11. Bd3 cxd4 12. cxd4 Qc3+ 13. Bd2 Qxd3 14. cxd3 Bxd1 15. Kxd1 Nc6 16. Ke2 h6 17. Rhb1 Rb8 18. Bb4 Nxb4 19. axb4 a6 20. b5 axb5 21. Rxb5 Rh7 22. Ra6 Re7 23. Nd2 bxa6 24. Rxb8+ Kf7 25. Ra8 Rb7 26. Rxa6 Rb4 27. Ke3 g5 28. g3 Ne7 29. Nf3 Rb2 30. Ra7 Kf8 31. Ra8+ Kf7 32. Ra7 Kf8 33. Ra8+ Kf7 34. Ra7 1/2-1/2

[Event "Hessenliga 0506"]
[Site "Germany"]
[Date "2005.12.18"]
[Round "6.8"]
[White "Scholz, Franz Peter"]
[Black "Domanski, Markus"]
[Result "1/2-1/2"]
[WhiteElo "2133"]
[BlackElo "2065"]
[PlyCount "61"]
[EventDate "2005.09.11"]
[EventType "team"]
[EventRounds "11"]
[EventCountry "GER"]
[SourceTitle "EXT 2007"]
[Source "ChessBase"]
[SourceDate "2006.11.23"]
[SourceVersion "1"]
[SourceVersionDate "2006.11.23"]
[SourceQuality "1"]
[WhiteTeam "Fulda"]
[BlackTeam "Schoeneck II"]
[WhiteTeamCountry "GER"]
[BlackTeamCountry "GER"]

1. c4 g6 2. Nc3 c5 3. Nf3 Bg7 4. g3 Nc6 5. Bg2 d6 6. 0-0 Nh6 7. a3 0-0 8. Rb1 a5 9. d3 Nf5 10. e3 Rb8 11. Qc2 Bd7 12. b3 Na7 13. b4 axb4 14. axb4 cxb4 15. Rxb4 b5 16. e4 Nd4 17. Nxd4 Bxd4 18. cxb5 Bc5 19. Rb1 Nxb5 20. Nxb5 Bxb5 21. Bh6 Re8 22. Qc3 e5 23. Qd2 Qd7 24. Kh1 Bc6 25. f4 Rxb1 26. Rxb1 d5 27. Qa5 Be3 28. exd5 Ba8 29. Qa6 Qxd5 30. Qxa8 Qxa8 31. Bxa8 1/2-1/2

[Event "Hessenliga 0405"]
[Site "Germany"]
[Date "2005.02.13"]
[Round "6.5"]
[White "Foermes, Alexander"]
[Black "Domanski, Markus"]
[Result "1/2-1/2"]
[WhiteElo "2031"]
[BlackElo "2068"]
[PlyCount "80"]
[EventDate "2004.09.26"]
[EventType "team"]
[EventRounds "9"]
[EventCountry "GER"]
[SourceTitle "EXT 2006"]
[Source "ChessBase"]
[SourceDate "2005.11.24"]
[SourceVersion "1"]
[SourceVersionDate "2005.11.24"]
[SourceQuality "1"]
[WhiteTeam "Marburg"]
[BlackTeam "Schoeneck II"]
[WhiteTeamCountry "GER"]
[BlackTeamCountry "GER"]

1. c4 g6 2. g3 c6 3. Nf3 Nf6 4. Bg2 Bg7 5. 0-0 0-0 6. d4 d5 7. b3 Bf5 8. Bb2 a5 9. Nc3 Ne4 10. Nh4 Nxc3 11. Bxc3 Be6 12. cxd5 cxd5 13. Qd3 Qd7 14. b4 axb4 15. Bxb4 Nc6 16. Bc3 Ra4 17. e3 Na5 18. Bxa5 Rxa5 19. Qc3 Rfa8 20. Rfb1 Rxa2 21. Rxa2 Rxa2 22. Qb3 Ra8 23. Qxb7 Qxb7 24. Rxb7 g5 25. Nf3 Ra1+ 26. Bf1 Bh3 27. Rb8+ Bf8 28. Nd2 Rd1 29. Rb1 Rxb1 30. Nxb1 Bf5 31. Nc3 e6 32. Bb5 Bb4 33. Nd1 Bc2 34. Nb2 Bc3 35. Nd3 Kg7 36. Kf1 Bd1 37. Ne5 f6 38. Nd3 Kf7 39. Nc5 Ke7 40. Be2 Bc2 1/2-1/2

[Event "Oberliga Ost-B 0304"]
[Site "Germany"]
[Date "2004.02.14"]
[Round "6.6"]
[White "Wohlfart, Paulus"]
[Black "Domanski, Markus"]
[Result "1-0"]
[WhiteElo "2206"]
[BlackElo "2103"]
[PlyCount "69"]
[EventDate "2003.11.02"]
[EventType "team-tourn"]
[EventRounds "11"]
[EventCountry "GER"]
[SourceTitle "EXT 2005"]
[Source "ChessBase"]
[SourceDate "2004.11.15"]
[SourceVersion "1"]
[SourceVersionDate "2004.11.15"]
[SourceQuality "1"]
[WhiteTeam "Moerlenbach"]
[BlackTeam "Schoeneck II"]
[WhiteTeamCountry "GER"]
[BlackTeamCountry "GER"]

1. d4 e6 2. c4 Nf6 3. Nc3 Bb4 4. Qc2 d5 5. cxd5 exd5 6. Bg5 h6 7. Bh4 c5 8. Nf3 Nc6 9. e3 cxd4 10. Nxd4 Nxd4 11. exd4 0-0 12. Be2 g5 13. Bg3 Ne4 14. 0-0 Nxc3 15. bxc3 Bd6 16. f4 Qc7 17. Qd2 f6 18. Bd3 Bg4 19. Rae1 Rae8 20. Rxe8 Rxe8 21. fxg5 Bxg3 22. gxf6 Bxh2+ 23. Kh1 Bf4 24. Rxf4 Bh5 25. f7+ Bxf7 26. Rg4+ Kf8 27. Qxh6+ Ke7 28. Qg5+ Kf8 29. Qg7+ Ke7 30. Qg5+ Kf8 31. Rf4 Re1+ 32. Kh2 Re8 33. Qh6+ Ke7 34. Qf6+ Kf8 35. Bg6 1-0

[Event "Oberliga Ost-B 0304"]
[Site "Germany"]
[Date "2003.11.22"]
[Round "2.6"]
[White "Domanski, Markus"]
[Black "Enneper, Eckhard"]
[Result "0-1"]
[WhiteElo "2103"]
[BlackElo "2161"]
[PlyCount "66"]
[EventDate "2003.11.02"]
[EventType "team-tourn"]
[EventRounds "11"]
[EventCountry "GER"]
[SourceTitle "EXT 2005"]
[Source "ChessBase"]
[SourceDate "2004.11.15"]
[SourceVersion "1"]
[SourceVersionDate "2004.11.15"]
[SourceQuality "1"]
[WhiteTeam "Schoeneck II"]
[BlackTeam "Offenbach"]
[WhiteTeamCountry "GER"]
[BlackTeamCountry "GER"]

1. d4 Nf6 2. c4 e6 3. Nf3 c5 4. d5 exd5 5. cxd5 d6 6. Nc3 g6 7. e4 Bg7 8. Be2 0-0 9. 0-0 Re8 10. Nd2 Nbd7 11. a4 Ne5 12. Qc2 g5 13. Ra3 Nfd7 14. Re1 Ng6 15. Nf1 Nde5 16. Bb5 Rf8 17. Ng3 Nf4 18. Nd1 Neg6 19. Ne3 Nh4 20. a5 Bd4 21. Bf1 Qf6 22. Nc4 Bd7 23. e5 dxe5 24. Ne4 Qg7 25. g3 Kh8 26. Kh1 Rg8 27. gxh4 gxh4 28. Ng3 hxg3 29. Rxg3 Qf6 30. Qe4 Bxf2 31. Nxe5 Rxg3 32. Bd3 Nxd3 33. Nxd7 Bxe1 0-1

[Event "Oberliga Ost-B 0304"]
[Site "Germany"]
[Date "2003.11.02"]
[Round "1.6"]
[White "Bletz, Harald"]
[Black "Domanski, Markus"]
[Result "1-0"]
[WhiteElo "2284"]
[BlackElo "2103"]
[PlyCount "65"]
[EventDate "2003.11.02"]
[EventType "team-tourn"]
[EventRounds "11"]
[EventCountry "GER"]
[SourceTitle "EXT 2005"]
[Source "ChessBase"]
[SourceDate "2004.11.15"]
[SourceVersion "1"]
[SourceVersionDate "2004.11.15"]
[SourceQuality "1"]
[WhiteTeam "Schoeneck"]
[BlackTeam "Schoeneck II"]
[WhiteTeamCountry "GER"]
[BlackTeamCountry "GER"]

1. Nf3 c5 2. g3 Nc6 3. Bg2 g6 4. d4 cxd4 5. Nxd4 Bg7 6. Nb3 Nf6 7. 0-0 0-0 8. c4 a5 9. Na3 a4 10. Nc5 Qa5 11. Nd3 d6 12. Bd2 Qb6 13. Bc3 Bf5 14. Nf4 Rfc8 15. Nb5 Qd8 16. b3 axb3 17. axb3 Rxa1 18. Qxa1 Ra8 19. Qb2 Qf8 20. Nxd6 exd6 21. Bxf6 Bxf6 22. Qxf6 Ra3 23. Qb2 Qa8 24. e4 Bg4 25. Nd5 Ne5 26. Nf6+ Kf8 27. Qd4 Qa6 28. f4 Be2 29. fxe5 Bxf1 30. Bxf1 dxe5 31. Qd8+ Kg7 32. Ne8+ Kf8 33. Nc7+ 1-0

[Event "Hessenliga 0203"]
[Site "Germany"]
[Date "2003.02.16"]
[Round "7.8"]
[White "Domanski, Markus"]
[Black "Feldtmann, Thomas"]
[Result "0-1"]
[WhiteElo "2107"]
[BlackElo "2182"]
[PlyCount "166"]
[EventDate "2002.10.??"]
[EventType "team"]
[EventRounds "9"]
[EventCountry "GER"]
[SourceTitle "EXT 2004"]
[Source "ChessBase"]
[SourceDate "2003.11.25"]
[SourceVersion "1"]
[SourceVersionDate "2003.11.25"]
[SourceQuality "1"]
[WhiteTeam "Schoeneck II"]
[BlackTeam "Marburg"]
[WhiteTeamCountry "GER"]
[BlackTeamCountry "GER"]

1. d4 d6 2. Nf3 Bg4 3. g3 Bxf3 4. exf3 e6 5. Bg2 g6 6. 0-0 c6 7. Re1 Ne7 8. c3 Bg7 9. Bg5 h6 10. Bxe7 Qxe7 11. f4 0-0 12. Qb3 Qd7 13. Nd2 Na6 14. Rad1 Rab8 15. Nc4 Nc7 16. Qb4 Rfd8 17. Na5 d5 18. Qa4 Rdc8 19. Qc2 b6 20. Nb3 Qd6 21. Qe2 Qf8 22. h4 h5 23. Bf3 Bf6 24. Kg2 Qd6 25. Rh1 Ne8 26. Rd2 Ng7 27. Qa6 Qc7 28. Re1 Nf5 29. Bd1 Nd6 30. Qe2 Kg7 31. Nc1 c5 32. dxc5 bxc5 33. Nd3 Rb6 34. Ne5 Ne4 35. Rc2 Bxe5 36. fxe5 Qxe5 37. c4 Qd6 38. Qd3 Nf6 39. cxd5 Qxd5+ 40. Qxd5 Nxd5 41. b3 Nb4 42. Rd2 Rc7 43. Be2 Kf6 44. Rc1 Ke7 45. a3 Nd5 46. Bc4 Nf6 47. Rb2 Ne4 48. Bd3 Nd6 49. b4 c4 50. Rbc2 Rbc6 51. Be2 e5 52. a4 c3 53. Kf1 Ke6 54. Rb1 Nc4 55. Bxc4+ Rxc4 56. Rb3 Kd5 57. a5 Kd4 58. Ke2 Rb7 59. b5 Rc5 60. Rb4+ Rc4 61. Rb3 Rc5 62. Rb4+ Kd5 63. a6 Rbxb5 64. Rxb5 Rxb5 65. Rxc3 Kd6 66. Ra3 Kc6 67. Rd3 Kc7 68. f3 Ra5 69. g4 Rxa6 70. gxh5 gxh5 71. Rd5 f6 72. f4 Kc6 73. Rd8 exf4 74. Kf3 Rb6 75. Kxf4 a5 76. Ra8 Rb4+ 77. Kf5 a4 78. Kxf6 Rxh4 79. Kg5 Rd4 80. Kxh5 Kb5 81. Rb8+ Kc4 82. Kg5 a3 83. Ra8 Kb3 0-1

[Event "Oberliga Ost-B 0102"]
[Site "Germany"]
[Date "2002.04.14"]
[Round "11.8"]
[White "Falk, Thomas"]
[Black "Domanski, Markus"]
[Result "0-1"]
[WhiteElo "2134"]
[BlackElo "2113"]
[PlyCount "110"]
[EventDate "2001.10.07"]
[EventType "team"]
[EventRounds "11"]
[EventCountry "GER"]
[SourceTitle "EXT 2003"]
[Source "ChessBase"]
[SourceDate "2002.11.25"]
[SourceVersion "1"]
[SourceVersionDate "2002.11.25"]
[SourceQuality "1"]
[WhiteTeam "Oberursel"]
[BlackTeam "Schoeneck"]
[WhiteTeamCountry "GER"]
[BlackTeamCountry "GER"]

1. Nf3 Nf6 2. c4 e6 3. g3 b6 4. Bg2 Bb7 5. 0-0 c5 6. Nc3 Be7 7. Re1 Ne4 8. d3 Nxc3 9. bxc3 0-0 10. e4 Nc6 11. Qe2 e5 12. Bb2 d6 13. Nd2 Bg5 14. Nf1 Bh6 15. Ne3 Bxe3 16. Qxe3 Qe7 17. f4 exf4 18. gxf4 Rae8 19. Qg3 Qf6 20. Kh1 Ba8 21. Rg1 Kh8 22. Raf1 Rg8 23. Rf2 Qg6 24. Qh4 Qf6 25. Qg4 Qe6 26. Qh5 Qg6 27. Qd1 Qe6 28. Rf3 f5 29. Re3 Qh6 30. Rf1 Na5 31. Rh3 Qg6 32. Rg3 Qf6 33. Qc2 fxe4 34. dxe4 Nxc4 35. Bc1 Qe7 36. Re1 Na5 37. Bb2 Nc4 38. Bc1 b5 39. f5 Qe5 40. Bg5 Rgf8 41. Qd1 Rxf5 42. Qh5 Bc6 43. Qh4 Kg8 44. Kg1 Rf7 45. Bf3 Qxc3 46. Rh3 g6 47. e5 Rxe5 48. Rc1 Rxg5+ 49. Qxg5 Qd4+ 50. Kg2 Ne3+ 51. Kf2 Ng4+ 52. Ke2 Qf2+ 53. Kd3 Rxf3+ 54. Rxf3 Qxf3+ 55. Kc2 Be4+ 0-1

[Event "Oberliga Ost-B 0102"]
[Site "Germany"]
[Date "2001.11.10"]
[Round "2.8"]
[White "Meyer, Stefan"]
[Black "Domanski, Markus"]
[Result "0-1"]
[WhiteElo "2150"]
[BlackElo "2113"]
[PlyCount "110"]
[EventDate "2001.10.07"]
[EventType "team"]
[EventRounds "11"]
[EventCountry "GER"]
[SourceTitle "EXT 2003"]
[Source "ChessBase"]
[SourceDate "2002.11.25"]
[SourceVersion "1"]
[SourceVersionDate "2002.11.25"]
[SourceQuality "1"]
[WhiteTeam "Wiesbaden Dotzheim"]
[BlackTeam "Schoeneck"]
[WhiteTeamCountry "GER"]
[BlackTeamCountry "GER"]

1. Nf3 c5 2. g3 Nc6 3. Bg2 g6 4. 0-0 Bg7 5. d3 e5 6. e4 Nge7 7. c3 0-0 8. Nbd2 d6 9. a3 a5 10. a4 h6 11. Nc4 Be6 12. Nfd2 f5 13. Ne3 Qd7 14. Nd5 Rad8 15. Nc4 Nc8 16. Qb3 g5 17. exf5 Rxf5 18. Nce3 Rf7 19. Qd1 Rdf8 20. Bd2 N8e7 21. Ra3 Nxd5 22. Nxd5 Ne7 23. Nxe7+ Rxe7 24. c4 b6 25. Rb3 Qc7 26. Qe2 Bd7 27. Bd5+ Kh8 28. Ra1 Rf6 29. Kg2 Re8 30. Rba3 Ref8 31. Rf1 Qc8 32. Kg1 Bg4 33. Qe1 Qe8 34. Be3 Qh5 35. Qd2 Bf3 36. Bxf3 Qxf3 37. Rb3 d5 38. cxd5 Qxd5 39. Qc2 Rd8 40. Qc4 Qd6 41. Qe4 Qe6 42. Rc3 Qd7 43. Ra1 Rd6 44. Raa3 Qf7 45. Rab3 Qh5 46. Rb5 c4 47. dxc4 Rd1+ 48. Kg2 Qe2 49. Rxe5 Qf1+ 50. Kf3 Rf8+ 51. Kg4 Qe2+ 52. f3 Rxf3 53. Qxf3 h5+ 54. Kxg5 Qxf3 55. Re8+ Kh7 0-1

[Event "Oberliga Ost-B 0001"]
[Site "Germany"]
[Date "2000.11.12"]
[Round "3.8"]
[White "Domanski, Markus"]
[Black "Lau, Wolfgang"]
[Result "1/2-1/2"]
[WhiteElo "2133"]
[BlackElo "2019"]
[PlyCount "59"]
[EventDate "2000.10.15"]
[EventType "team"]
[EventRounds "11"]
[EventCountry "GER"]
[SourceTitle "EXT 2002"]
[Source "ChessBase"]
[SourceDate "2001.11.25"]
[SourceVersion "1"]
[SourceVersionDate "2001.11.25"]
[SourceQuality "1"]
[WhiteTeam "Schoeneck"]
[BlackTeam "Wiesbaden"]
[WhiteTeamCountry "GER"]
[BlackTeamCountry "GER"]

1. d4 d5 2. c4 dxc4 3. e3 Nf6 4. Bxc4 e6 5. Nf3 a6 6. a4 c5 7. 0-0 cxd4 8. exd4 Be7 9. Qe2 0-0 10. Rd1 Nc6 11. Nc3 Nb4 12. Ne5 Qa5 13. Bg5 Rd8 14. Ne4 Nbd5 15. Bd3 h6 16. Nxf6+ Nxf6 17. Bxf6 Bxf6 18. Qe4 Kf8 19. Nc4 Qb4 20. Bf1 Bd7 21. Ne5 Bxa4 22. b3 Bb5 23. Qxb7 Bxe5 24. dxe5 Rdb8 25. Qc7 Rc8 26. Qa5 Qxa5 27. Rxa5 Bxf1 28. Kxf1 Rc6 29. Ke2 Ke7 30. Rd3 1/2-1/2

[Event "Hessen-chB "]
[Site "Frankfurt"]
[Date "2000.04.13"]
[Round "1"]
[White "Domanski, Markus"]
[Black "Karsten, Heinrich"]
[Result "1-0"]
[WhiteElo "2139"]
[BlackElo "2025"]
[PlyCount "111"]
[EventDate "2000.04.13"]
[EventType "swiss"]
[EventRounds "11"]
[EventCountry "GER"]
[SourceTitle "EXT 2001"]
[Source "ChessBase"]
[SourceDate "2000.11.22"]
[SourceVersion "1"]
[SourceVersionDate "2000.11.22"]
[SourceQuality "1"]

1. d4 Nf6 2. c4 e6 3. Nf3 b6 4. g3 Ba6 5. b3 Bb4+ 6. Bd2 Be7 7. Bg2 0-0 8. 0-0 d5 9. Ne5 c5 10. dxc5 bxc5 11. cxd5 exd5 12. Bc3 Bb7 13. Bb2 Qc7 14. Nd2 Nc6 15. Nxc6 Bxc6 16. Rc1 Qb6 17. Qc2 Nd7 18. e4 Bb5 19. Rfe1 d4 20. Nc4 Qa6 21. Na3 Bd3 22. Qd2 Ne5 23. Rcd1 Bb5 24. Nxb5 Qxb5 25. h3 Rab8 26. Ba1 Bd8 27. Qe2 Ba5 28. Qxb5 Rxb5 29. Rf1 Rc8 30. f4 Nc6 31. Rf2 Nb4 32. Bf1 Rb6 33. Bc4 Kf8 34. Bb2 Re8 35. e5 Rd8 36. Ba3 Rc6 37. Bxb4 Bxb4 38. f5 f6 39. e6 Rcd6 40. Rd3 Ke7 41. Kg2 Ba3 42. Kf3 g5 43. h4 gxh4 44. Rh2 Rg8 45. Rxh4 Rg7 46. Rd1 Rd8 47. g4 Bb4 48. Ke4 Ba5 49. Be2 Bc7 50. Rdh1 Rh8 51. Rh6 Ba5 52. g5 Rxg5 53. Rxh7+ Rxh7 54. Rxh7+ Kd6 55. e7 Rg2 56. Kf3 1-0

[Event "Bad Woerishofen op 15th"]
[Site "Bad Woerishofen"]
[Date "1999.??.??"]
[Round "9"]
[White "Domanski, Markus"]
[Black "Mittermaier, Walter"]
[Result "0-1"]
[WhiteElo "2140"]
[BlackElo "2105"]
[PlyCount "41"]
[EventDate "1999.03.05"]
[EventType "swiss"]
[EventRounds "9"]
[EventCountry "GER"]
[SourceTitle "EXT 2002"]
[Source "ChessBase"]
[SourceDate "2001.11.25"]
[SourceVersion "1"]
[SourceVersionDate "2001.11.25"]
[SourceQuality "1"]

1. d4 d5 2. c4 e6 3. Nc3 c6 4. e3 f5 5. Bd3 Nf6 6. Nge2 Bd6 7. f3 0-0 8. 0-0 Nbd7 9. e4 fxe4 10. fxe4 dxe4 11. Bxe4 e5 12. d5 Bc5+ 13. Kh1 Ng4 14. Bf3 Nxh2 15. Ne4 Nxf1 16. Bg5 Be7 17. Bxe7 Qxe7 18. Qxf1 Qh4+ 19. Kg1 Nf6 20. Nxf6+ Rxf6 21. Qe1 0-1